000 00561nam a2200193 a 4500
001 1778147064178
003 YourLibrary
005 20260507151646.0
008 260507s1998##################000#0#eng##
020 _a9781575861326
082 0 4 _a415
_bGEE
100 1 _aGeenhoven, Veerle Van,
_eauthor.
245 1 0 _aSemantic Incorporation and Indefinite Descriptions :
260 _bStanford Univ Center for the Study,
_c1998.
300 _a247 pages
650 0 _aLanguage Arts & Disciplines.
942 _cENGLISH
040 _aYourLibrary
_beng
_cYourLibrary
999 _c622847
_d622847